LEADER 01317nam a2200289 a 4500 001 000000141540 003 CaOOAMICUS 005 20150202101348.0 008 150202s2013 it u000 u ita r 020 $a88-14-15474-0 040 $aPUL$bita 082 04$a340.11 100 1 $aRomano, Santi,$d1875-1947.$0(OLS)http://pul/name/8554 245 13$aL'"ultimo" Santi Romano. 260 $aMilano :$bGiuffrè,$c2013. 300 $a906 p. ;$c24 cm 504 $aBibliografia in nota. 505 1 $aContiene: L'ordinamento giuridico, 2. ed., 1946 ; Principi di diritto costituzionale generale, 2. ed., 1946 ; Frammenti di dizionario giuridico, 1947. - Segue: Nota bio-bibliografica, di Alberto Romano; Pubblicazioni di Santi Romano; Nota bibliografica su Santi Romano. 600 14$aRomano, Santi,$d1875-1947.$0(OLS)http://pul/subject/19167 850 $aPUL 852 $aPUL$W1$xSL Diritto e Scienze Sociali 3$y79$m340. 11 ROMSA 1$j163363$qDDC 21$B163275$CPULBib$Z2$F163275 $H125331 $82 941 1 $a9 996 $6020$a88-14-15474-0$9(OLS)http://pul/number/156840 996 $6082$a340.11$9(OLS)http://pul/classification/1908 996 $6245$aL'"ultimo" Santi Romano$9(OLS)http://pul/title/179128 996 $6260$aMilano :$bGiuffrè$9(OLS)http://pul/publisher/48401 LEADER 01099nam a2200265 a 4500 001 000000159192 003 CaOOAMICUS 005 20170301165139.0 008 170301s1959 it m 001 u ita r 032 $aLibriCat 040 $aPUL$bita 100 1 $aBresolin, Angelo.$0(OLS)http://pul/name/101736 245 10$aL'esegesi patristica di Giov. 2, 4 / $cAngelo Bresolin. 260 $aVicenza :$b[s.n],$c1959. 300 $a62 p. ; $c25 cm. 502 $aEstratto da Tesi -- Pontificia Universitas Gregoriana. Facultas Theologiae. 1959. 504 $aBibliografia in nota a piè pagina. 600 04$aIohannes,$cs., apostolo.$0(OLS)http://pul/subject/4445 710 2 $aPontificia Università Gregoriana.$bFacoltà di teologia.$kTesi.$0(OLS)http://pul/name/81592 850 $aPUL 852 $aPUL$W1$xDP1 Tesi Pon. Univ. Gregoriana$y40$mTH PUG 1138$j182489$qTesi$B185699$CPULBib$Z2$F185699 $82 941 1 $a16 996 $6245$aL'esegesi patristica di Giov. 2, 4 / $9(OLS)http://pul/title/198805 996 $6260$aVicenza :$b[s.n]$9(OLS)http://pul/publisher/49064